Akciová spoločnosť, jej organizačné a finančné riadenie

Uložené v:
Podrobná bibliografia
Médium: Kniha
Jazyk:Slovak
Vydavateľské údaje: 2004
Tagy: Pridať tag
Žiadne tagy, Buďte prvý, kto otaguje tento záznam!

MARC

LEADER 00000nam$a2200000$$$4500
001 0022143
005 20240822101655.3
041 0 |a slo 
044 |a SK 
245 1 0 |a Akciová spoločnosť, jej organizačné a finančné riadenie 
264 1 |c 2004 
500 |a Publikácia nemá signatúru - pracovná pomôcka.